=LDR 00000nam 2200000 4500 =001 INLIS000000000016793 =005 20130612112033 =008 ***********************************Ind** =035 ##$$0010-061300000016793 =041 ##$$a Ind =082 ##$$a F Rom D =090 ##$$a F Rom D, Bre d =100 ##$$a Broecky =245 ##$$a Digit, Broecky ; penerjemah, Soemarsono Hoerip =260 ##$$a 1991 $b Jakarta =300 ##$$a 40 hlm, ilus, 29 cm =650 ##$$a Fiksi anak-anak =700 ##$$a Hurip, Soemaryono =850 ##$$a NBPNMAT